| 000 | 00524ntaaa2200193 4500 | ||
|---|---|---|---|
| 003 | 01 | ||
| 005 | 20251027203013.0 | ||
| 008 | 0714s1973 ag 01 | ||
| 040 |
_aAR-BaBN _bspa _cAR-BaBN _eaacr _dRIC |
||
| 082 | _a284.1000 L96 | ||
| 245 | _aLutheran Cyclopedia | ||
| 250 | _a1 ed. | ||
| 260 |
_aSaint Louis, Missouri : _bConcordia Publishing House, _cc1954 |
||
| 300 | _axii, 1160 p | ||
| 650 |
_aLuteranos-enciclopedia _931081 |
||
| 650 |
_aenciclopedia luterana _931082 |
||
| 700 |
_aLueker, Erwin L _931083 |
||
| 942 | _cBK | ||
| 999 |
_c25473 _d25473 |
||